000 00865nam a2200277Ia 4500
003 OSt
005 20220926002304.0
006 a|||||r|||| 00| 0
007 ta
008 220923b |||||||| |||| 00| 0 eng d
020 _a9780073529882
_c612
037 _b886, 14/03/2014, Pranami Book Service
_cGeneral Book
040 _aRTL
_cRTL
_beng
041 _2eng
_aeng
082 _aX:511-8, M7;P8
100 _aCRAWFORD Merle
_9305309
245 0 _aNew product management
250 _a9th
260 _a New Delhi
_bMcGraw Hill Education
_c2008
300 _axviii, 558p.
_ccm.
500 _aBibliography Chapterwise
650 _aCommerce
700 _a BENEDETTO Anthony Di
_9305310
942 _hX:511-8, M7;P8
_cGB
_2CC
999 _c604406
_d604406